000 00420nam a2200169Ia 4500
008 230524s9999 xx 000 0 und d
020 _a007460371
082 _a621.383
_bSUB
100 _aVedam Subrahmanyam
245 0 _aElectric Drives: Concepts and Applications
250 _a1ST
260 _aNEW DELHI
_bTMH
_c2005
300 _aXI;412
500 _aQuantity Number: 36
650 _aElectrical
942 _cBK
999 _c34079
_d34079